LDR 01150naa#a2200217#i#450# 001 RU\\bibl\19250 005 20260418144312.6 100 ## _a20260417b2026####ek#y0rusy0150####ca 102 ## _aRU 200 1# _aДИАГНОСТИРОВАНИЕ ГАЗОБАЛЛОННЫХ ТРАНСПОРТНЫХ СРЕДСТВ НА ОСНОВЕ ГРАФ-МОДЕЛЕЙ _eСтатья/тезисы конференции 210 1# _aВоронеж _cВоронежский государственный лесотехнический университет имени Г.Ф. Морозова _d2026 215 ## _a8 с. 608 ## _aСтатья/тезисы конференции _2local 675 ## _aАвтомобили. Автомобильный транспорт. 629.331 _z 700 #1 _aИванников _gВалерий Александрович 700 #1 _aНовиков _gАлексей Петрович 700 #1 _aХрипченко _gМихаил Сергеевич 700 #1 _aБухтояров _gВладимир Николаевич 700 #1 _aГолев _gАлександр Дмитриевич 700 #1 _aШиряев _gС. А. 856 4# _abibl.vgltu.ru _u